| 000 | cam a22 a 4500 | ||
|---|---|---|---|
| 999 |
_c7202 _d7202 |
||
| 003 | OSt | ||
| 005 | 20181204154108.0 | ||
| 008 | 181204e2017 spca||| |||| 0|0 0 spa|d | ||
| 017 |
_aDL B 12164-2017 _bBiblioteca de Catalunya |
||
| 020 | _a9788491168065 | ||
| 040 |
_aES-BaUOC _bcat _cCDMR |
||
| 100 | 1 |
_aOtero Alvarado, María Teresa, _eautor |
|
| 245 | 1 | 0 |
_a¿Cómo se organizan los actos corporativos? _c/ María Teresa Otero Alvarado |
| 260 |
_aBarcelona : _bEditorial UOC, _c2017 |
||
| 300 |
_a95 p. : _bil ; _c21 cm |
||
| 504 | _aBibliografia | ||
| 650 | 7 |
_aEsdeveniments especials _xPlanificació _2lemac |
|
| 650 | 0 | 4 |
_aComunicació en l'empresa _92798 |
| 650 | 7 |
_aEtiqueta en els negocis _2lemac |
|
| 942 | _cMON | ||